| Tag |
First Indicator |
Second Indicator |
Subfields |
| LEADER |
00000cam a22000008a 4500 |
| 001 |
in00000033249 |
| 005 |
20151007060537.0 |
| 008 |
870824s1988 enkab b 00110 eng |
| 010 |
|
|
|a 87022914
|
| 020 |
|
|
|a 0198229267 :
|c $22.50
|
| 035 |
|
|
|a (OCoLC)16753481
|
| 035 |
|
|
|9 AAC1103AM
|
| 040 |
|
|
|a DLC
|c DLC
|d TXA
|d UtOrBLW
|
| 043 |
|
|
|a e-sp---
|a e-uk---
|
| 049 |
|
|
|a TXAM
|c [A11693839]
|
| 050 |
0 |
0 |
|a DA360
|b .F43 1988
|
| 082 |
0 |
|
|a 946/.04
|2 19
|
| 100 |
1 |
|
|a Fernández-Armesto, Felipe.
|
| 245 |
1 |
4 |
|a The Spanish Armada :
|b the experience of war in 1588 /
|c Felipe Fernández-Armesto.
|
| 264 |
|
1 |
|a Oxford [Oxfordshire] ;
|a New York :
|b Oxford University Press,
|c 1988.
|
| 300 |
|
|
|a x, 300 pages :
|b illustrations, maps.
|
| 336 |
|
|
|a text
|b txt
|2 rdacontent
|
| 337 |
|
|
|a unmediated
|b n
|2 rdamedia
|
| 338 |
|
|
|a volume
|b nc
|2 rdacarrier
|
| 504 |
|
|
|a Bibliography: pages [277]-285.
|
| 500 |
|
|
|a Includes index.
|
| 650 |
|
0 |
|a Armada, 1588.
|
| 610 |
1 |
0 |
|a Spain.
|b Armada
|x History
|y 16th century.
|
| 651 |
|
0 |
|a Spain
|x History
|y Philip II, 1556-1598.
|
| 651 |
|
0 |
|a Great Britain
|x History, Naval
|y Tudors, 1485-1603.
|
| 999 |
|
|
|a MARS
|
| 999 |
f |
f |
|s d0db01d2-fb1e-3b41-8a31-918501b4f7d0
|i 7291fda9-e405-3dc1-a4e7-567a38d07e24
|t 0
|
| 952 |
f |
f |
|p normal
|a Texas A&M University
|b College Station
|c Sterling C. Evans Library
|d Evans: Library Stacks
|t 0
|e DA360 .F43 1988
|h Library of Congress classification
|i unmediated -- volume
|m A14811693839
|
| 998 |
f |
f |
|a DA360 .F43 1988
|t 0
|l Evans: Library Stacks
|